[Event "LJEM M-V 2025 u14"]
[Site "Malchow"]
[Date "2025.02.01"]
[Round "1.9"]
[White "Duong, Hai Dang"]
[Black "Zielke, Finn"]
[Result "1-0"]
[WhiteElo "1058"]
[BlackElo "769"]
[Time "14:30:00"]
[WhiteTeam "SG Eintracht Neubrandenburg"]
[BlackTeam "SC Mecklenburger Springer"]

1.e4 e5 2.Nf3 Nc6 3.Bc4 Nf6 4.Ng5 Nxe4 5.Bxf7+ Ke7 6.Nxe4 Kxf7 7.Qf3+ Ke8 
8.O-O Nd4 9.Qh5+ g6 10.Qxe5+ Ne6 11.Qxh8 h5 12.d3 Qe7 13.Bh6 Ng7 14.Bxg7 
Qxg7 15.Qxg7 Bxg7 16.Nbc3 b6 17.Rfe1 Kf8 18.Nb5 c6 19.Nc7 Rb8 20.c3 Be5 
21.Ne8 Ba6 22.N8f6 Bxf6 23.Nxf6 Kf7 24.Nxd7 Rd8 25.Ne5+ Kg7 26.Nxc6 Rxd3 
27.Nxa7 Rd2 28.b3 Rd7 29.Nc6 Bb5 30.Re7+ Rxe7 31.Nxe7 Kf8 32.Nxg6+ Kg7 33.
c4 Be8 34.Nf4 Kf6 35.Nd5+ Ke5 36.Re1+ Kd6 37.Rxe8 b5 38.f4 Kd7 39.Re7+ Kd6
40.f5 bxc4 41.bxc4 Kc5 42.f6 Kxc4 43.f7 Kxd5 44.f8=Q Kc4 45.Qd8 Kc3 46.
Rc7+ Kb2 47.Qb8+ Ka3 48.Ra7# 1-0

[Event "LJEM M-V 2025 u14"]
[Site "Malchow"]
[Date "2025.02.02"]
[Round "2.1"]
[White "Jakobi, Paul Leonhard"]
[Black "Schröder, Hannes Artur"]
[Result "0-1"]
[WhiteElo "1230"]
[BlackElo "1612"]
[Time "08:30:00"]
[WhiteTeam "SF Schwerin"]
[BlackTeam "SG Eintracht Neubrandenburg"]

1.e4 e5 2.Nf3 Nc6 3.Bc4 Bc5 4.c3 Nf6 5.d3 h6 6.O-O d6 7.Nbd2 O-O 8.Re1 Bg4
9.h3 Bh5 10.Nf1 a6 11.Be3 Ba7 12.Bxa7 Rxa7 13.Ng3 Re8 14.Nxh5 Nxh5 15.d4 
Nf4 16.Qd2 Qf6 17.Kh2 Raa8 18.Rad1 Rad8 19.g3 Nxh3 20.Qe3 Ng5 21.Nxg5 Qxg5
22.Qxg5 hxg5 23.Kh3 Na5 24.Bf1 b5 25.d5 Rb8 26.b4 Nc4 27.Bxc4 bxc4 28.Rb1 
Rb5 29.a4 Rb6 30.Rb2 g6 31.Kg4 f6 32.Reb1 Kg7 33.a5 Rb5 34.Rh1 Reb8 35.Rd1
Rxa5 36.Ra1 Ra3 37.Rc1 a5 38.b5 Rb3 39.Ra2 R8xb5 40.Ra4 Rc5 41.Rc2 Kf7 42.
Kf3 f5 43.Ke3 Kf6 44.f3 f4+ 45.Kf2 Ke7 46.g4 Kd7 47.Ke2 c6 48.dxc6+ Kxc6 
49.Kd2 d5 50.Rca2 dxe4 51.fxe4 Kb6 52.Kc2 Rbb5 53.Ra1 Rc6 54.Rd1 Ka6 55.
Rda1 Rbc5 56.Rh1 Rf6 57.Rf1 f3 58.Rf2 Rf4 59.Ra1 Rxg4 60.Rd2 Rc6 61.Rd5 
Rg2+ 62.Rd2 f2 63.Rf1 Rf6 64.Kd1 Rg1 65.Ke2 Rxf1 66.Kxf1 g4 67.Rxf2 Rxf2+ 
68.Kxf2 a4 0-1

[Event "LJEM M-V 2025 u14"]
[Site "Malchow"]
[Date "2025.02.02"]
[Round "2.2"]
[White "Gavrylyuk, Oleksandr"]
[Black "Duong, Hai Dang"]
[Result "1-0"]
[WhiteElo "1634"]
[BlackElo "1058"]
[Time "08:30:00"]
[WhiteTeam "TuS Makkabi Rostock"]
[BlackTeam "SG Eintracht Neubrandenburg"]

1.e4 e5 2.Nf3 Nc6 3.Bb5 a6 4.Ba4 Nf6 5.O-O Be7 6.c3 Nxe4 7.Re1 Nc5 8.Bxc6 
dxc6 9.Nxe5 O-O 10.d4 Ne6 11.Nd2 c5 12.Ndf3 cxd4 13.Nxd4 Nxd4 14.Qxd4 Qxd4
15.cxd4 Bb4 16.Re2 Re8 17.Bd2 Bg4 18.f3 Bxd2 19.Rxd2 Bf5 20.Rc1 Rad8 21.g4
Rxe5 22.gxf5 Rxf5 23.Rxc7 b5 24.Kf2 g6 25.Ra7 Rf4 26.Ke3 Rf6 27.Rd3 Re8+ 
28.Kd2 Rfe6 29.Kc3 Re3 30.Rxa6 b4+ 31.Kc2 Re2+ 32.Rd2 R8e3 33.Rb6 Rxd2+ 
34.Kxd2 Rxf3 35.Rxb4 Rf2+ 36.Ke3 Rxh2 37.d5 Kf8 38.a4 Rh1 39.a5 Ra1 40.
Rb8+ Ke7 41.b4 h5 42.Ra8 Kd6 43.Kd4 Ra4 44.Kc4 h4 45.Kb3 Ra1 46.Kb2 Ra4 
47.Kb3 Ra1 48.a6 h3 49.b5 h2 50.Rh8 Kxd5 51.Rxh2 Kc5 52.Ra2 Rb1+ 53.Kc2 
Rxb5 54.a7 Kd4 55.a8=Q Rc5+ 56.Kd2 g5 57.Ra4+ Ke5 58.Qe4+ Kf6 59.Qd4+ Re5 
60.Ra5 Kg6 61.Qxe5 f6 62.Qf5+ Kh5 63.Ra3 Kh4 64.Rh3# 1-0

[Event "LJEM M-V 2025 u14"]
[Site "Malchow"]
[Date "2025.02.02"]
[Round "2.3"]
[White "Lott, Konstantin"]
[Black "Vakeel, Eshwar"]
[Result "0-1"]
[WhiteElo "1036"]
[BlackElo "1659"]
[Time "08:30:00"]
[WhiteTeam "Think Rochade - SC HRO"]
[BlackTeam "Think Rochade - SC HRO"]

1.e4 c6 2.Nf3 d5 3.exd5 cxd5 4.d4 Nc6 5.Nc3 Nf6 6.Bb5 a6 7.Bxc6+ bxc6 8.
O-O Bf5 9.h3 e6 10.Ne5 Rc8 11.Qe2 Bd6 12.Bg5 c5 13.Qxa6 O-O 14.Bxf6 gxf6 
15.Nf3 Kh8 16.Kh1 Bxc2 17.Rac1 Bf5 18.Ne2 c4 19.Ng3 Bd3 20.Rfe1 Qc7 21.Qa4
Bf4 22.Rc3 Ra8 23.Qd1 Bxg3 24.fxg3 Qxg3 25.Re3 Rxa2 26.Qd2 Ra1+ 27.Ne1 Qf4
28.Rc1 Rxc1 29.Qxc1 Qf1+ 30.Kh2 Qf4+ 31.Kh1 Qxd4 32.Qd2 Rb8 33.Nxd3 cxd3 
34.Rg3 Rxb2 35.Qc1 Rb8 36.Rg4 d2 37.Qd1 Qe3 38.Kh2 Qe1 39.Qf3 Qe5+ 40.g3 
Rb2 41.Qd1 Qe1 0-1

[Event "LJEM M-V 2025 u14"]
[Site "Malchow"]
[Date "2025.02.02"]
[Round "2.4"]
[White "Briese, Sophie"]
[Black "Lange, Friedrich"]
[Result "1-0"]
[WhiteElo "1516"]
[BlackElo "900"]
[Time "08:30:00"]
[WhiteTeam "SAV Torgelow-Drögeheide 90"]
[BlackTeam "TSG Neustrelitz"]

1.e4 e5 2.Nf3 Nc6 3.d4 Bb4+ 4.c3 Be7 5.Bc4 d6 6.O-O Nf6 7.Re1 Bg4 8.d5 Na5
9.Bd3 O-O 10.b4 c6 11.c4 cxd5 12.cxd5 Rc8 13.bxa5 Qxa5 14.Bd2 Qb6 15.Nc3 
Nh5 16.h3 Bxf3 17.Qxf3 Qd4 18.Ne2 Qb2 19.Red1 g6 20.Bh6 Rfd8 21.a3 g5 22.
Rdb1 Qd2 23.Rxb7 Rf8 24.Bb5 Rb8 25.Bxf8 Rxb7 26.Qxh5 Bf6 27.Rc1 Bg7 28.Rc8
Kh8 29.Be7+ 1-0

[Event "LJEM M-V 2025 u14"]
[Site "Malchow"]
[Date "2025.02.02"]
[Round "2.5"]
[White "Blödorn, Ben"]
[Black "Wilke, Ronja"]
[Result "0-1"]
[WhiteElo "849"]
[BlackElo "1571"]
[Time "08:30:00"]
[WhiteTeam "SV Empor Kühlungsborn"]
[BlackTeam "SAV Torgelow-Drögeheide 90"]

1.e4 c6 2.d4 d5 3.f3 dxe4 4.fxe4 e5 5.c3 Qh4+ 6.Kd2 Qxe4 7.Qe2 Bf5 8.Nf3 
Qc2+ 9.Ke1 Qxc1+ 10.Kf2 Qf4 11.g3 Qe4 12.Qd2 Nd7 13.g4 Bg6 14.Bg2 Qf4 15.
Re1 O-O-O 16.dxe5 Bc5+ 17.Kf1 Qc4+ 18.Re2 Nb6 19.Na3 Qd3 20.Qxd3 Bxd3 0-1

[Event "LJEM M-V 2025 u14"]
[Site "Malchow"]
[Date "2025.02.02"]
[Round "2.6"]
[White "Subocz, Barbara"]
[Black "Feist, Jonas"]
[Result "1-0"]
[WhiteElo "1581"]
[BlackElo "921"]
[Time "08:30:00"]
[WhiteTeam "SAV Torgelow-Drögeheide 90"]
[BlackTeam "SAV Torgelow-Drögeheide 90"]

1.e4 c6 2.d4 d5 3.exd5 cxd5 4.Bd3 Nc6 5.c3 Nf6 6.Bf4 Bg4 7.Nf3 e6 8.Nbd2 
Be7 9.O-O O-O 10.h3 Bh5 11.Qc2 h6 12.Rfe1 Rc8 13.Ne5 Nxd4 14.Qa4 Nc6 15.
Nxc6 bxc6 16.Qxa7 Bd6 17.Qe3 Rb8 18.Rab1 Bxf4 19.Qxf4 Qa5 20.a3 Rbe8 21.
Re3 Ra8 22.Rg3 c5 23.Qxf6 g6 24.Nf3 Qd8 25.Qe5 c4 26.Bc2 Kh7 27.Qxh5 Rg8 
28.Ng5+ Kg7 29.Nxe6+ fxe6 30.Qxg6+ Kf8 31.Qxg8+ Ke7 32.Qg7+ Kd6 33.Re1 Rb8
34.Qe5+ Kc5 35.Rge3 Rxb2 36.Qd4+ Kc6 37.Ba4+ Kd6 38.Rxe6+ Kc7 39.Qc5+ Kb7 
40.Qc6+ Kb8 41.Re8 Qxe8 42.Rxe8+ Ka7 43.Ra8# 1-0

[Event "LJEM M-V 2025 u14"]
[Site "Malchow"]
[Date "2025.02.02"]
[Round "2.7"]
[White "Isaiev, Andrii"]
[Black "Vuong, Qui Long"]
[Result "1-0"]
[WhiteElo "1067"]
[BlackElo "916"]
[Time "08:30:00"]
[WhiteTeam "TuS Makkabi Rostock"]
[BlackTeam "TSG Neustrelitz"]

1.d4 d5 2.Nf3 Nc6 3.Bf4 Nf6 4.e3 Bf5 5.Bd3 Bg4 6.h3 Bh5 7.Nc3 e6 8.Nb5 
Bb4+ 9.c3 Ba5 10.O-O a6 11.Na3 Ne4 12.Qb3 Bb6 13.Be2 O-O 14.Rad1 Qf6 15.
Rfe1 g5 16.Nxg5 Bxe2 17.Nxe4 dxe4 18.Rxe2 Rad8 19.Nc4 Rd7 20.Nxb6 cxb6 21.
Qxb6 e5 22.Bh2 Kh8 23.Qc5 Rfd8 24.Red2 Rd5 25.Bxe5 Nxe5 26.dxe5 Qe6 27.
Rxd5 Rxd5 28.Qxd5 1-0

[Event "LJEM M-V 2025 u14"]
[Site "Malchow"]
[Date "2025.02.02"]
[Round "2.8"]
[White "Meyer, Markus"]
[Black "Hampe, Adrian"]
[Result "0-1"]
[WhiteElo "1011"]
[BlackElo "882"]
[Time "08:30:00"]
[WhiteTeam "Think Rochade - SC HRO"]
[BlackTeam "Putlitzer SV 1921"]

1.e4 e5 2.Nf3 Nc6 3.Bc4 g6 4.d3 Bg7 5.Nc3 Nf6 6.Bg5 d6 7.h3 O-O 8.Nd5 Na5 
9.Bb3 Nxb3 10.axb3 Be6 11.Qd2 Bxd5 12.exd5 Qd7 13.c4 b6 14.O-O Qf5 15.d4 
exd4 16.Nxd4 Qd7 17.Rae1 c5 18.Nc6 Rfe8 19.f3 Rxe1 20.Rxe1 Re8 21.Re3 Rxe3
22.Qxe3 a6 23.g4 Qc7 24.Qf4 Ne8 25.Ne7+ Kf8 26.Nxg6+ hxg6 27.h4 f6 28.Bh6 
Bxh6 29.Qxh6+ Qg7 30.Qf4 g5 31.hxg5 Qxg5 32.Qxg5 fxg5 33.Kf2 a5 34.Ke3 Ke7
35.Kd3 Nc7 36.Ke4 Kf6 37.f4 gxf4 38.Kxf4 Ne8 39.g5+ Kg6 40.Kg4 Nc7 41.Kf4 
Na6 42.Ke4 Nb4 43.Ke3 Kxg5 44.Kd2 Na2 45.Kc2 Nb4+ 46.Kd2 Kf4 47.Ke2 Ke4 
48.Kd2 Kd4 49.Kc1 Nxd5 50.Kc2 Nb4+ 51.Kc1 Kd3 52.Kb1 Kd2 53.Ka1 Nd3 54.Kb1
Nc1 55.Ka1 Nxb3+ 56.Kb1 Ke3 57.Kc2 Nd2 58.Kc3 Ne4+ 59.Kc2 Kd4 60.b3 Nf6 
0-1

[Event "LJEM M-V 2025 u14"]
[Site "Malchow"]
[Date "2025.02.02"]
[Round "2.9"]
[White "Zielke, Finn"]
[Black "Günther, Toni"]
[Result "0-1"]
[WhiteElo "769"]
[BlackElo "975"]
[Time "08:30:00"]
[WhiteTeam "SC Mecklenburger Springer"]
[BlackTeam "SAV Torgelow-Drögeheide 90"]

1.d4 e6 2.Bf4 d5 3.e3 Nf6 4.Nd2 Bb4 5.c3 Bd6 6.Bg3 Bxg3 7.hxg3 Nbd7 8.Ngf3
c5 9.Be2 Qb6 10.Rb1 cxd4 11.cxd4 O-O 12.O-O Rd8 13.Re1 Nf8 14.Ne5 N8d7 15.
Nef3 Nf8 16.Qc2 Bd7 17.Ng5 Rac8 18.Qd3 a6 19.f4 Bb5 20.Qb3 Rc6 21.Qa3 Bxe2
22.Rxe2 Rdc8 23.Ree1 Nh5 24.Nf1 Nf6 25.Nd2 h6 26.Ngf3 Ng4 27.Qe7 Ng6 28.
Qa3 R6c7 29.b3 Ne7 30.Ne5 Nxe5 31.fxe5 Nf5 32.g4 Nxd4 33.exd4 Qxd4+ 34.Kh2
Qxd2 35.Red1 Qf4+ 36.g3 Qxg4 37.Rg1 Rc2+ 38.Rg2 Rxg2+ 39.Kxg2 Rc2+ 40.Kf1 
Qf3+ 41.Ke1 Qe2# 0-1

[Event "LJEM M-V 2025 u14"]
[Site "Malchow"]
[Date "2025.02.02"]
[Round "3.1"]
[White "Schröder, Hannes Artur"]
[Black "Briese, Sophie"]
[Result "1/2-1/2"]
[WhiteElo "1612"]
[BlackElo "1516"]
[Time "14:30:00"]
[WhiteTeam "SG Eintracht Neubrandenburg"]
[BlackTeam "SAV Torgelow-Drögeheide 90"]

1.e4 c5 2.Nf3 e6 3.d4 cxd4 4.Nxd4 a6 5.Nc3 Qc7 6.Bd3 Nf6 7.O-O Be7 8.Re1 
d6 9.h3 O-O 10.Be3 b5 11.a3 Bb7 12.Qd2 Nbd7 13.Nf3 Nc5 14.Bf4 Nxd3 15.cxd3
h6 16.Rac1 Qd8 17.Rc2 Rc8 18.Rec1 d5 19.e5 Nd7 20.d4 f6 21.Ne2 fxe5 22.
Nxe5 Nxe5 23.Bxe5 Bh4 24.g3 Bg5 25.Nf4 Rxc2 26.Qxc2 Qc8 27.Qc7 Bf6 28.Bxf6
gxf6 29.Nxe6 Qxe6 30.Qxb7 Rf7 31.Qc8+ Qxc8 32.Rxc8+ Kg7 33.Rd8 Rc7 34.Rxd5
Rc2 35.Rd7+ Kg6 36.Ra7 Rxb2 37.Rxa6 Rd2 38.Rb6 Rxd4 39.Rxb5 Ra4 40.Rb3 f5 
41.Kg2 Kg5 42.f4+ Kg6 43.Kf3 h5 44.Rc3 Kf6 45.Ke3 Re4+ 46.Kf3 Ra4 47.h4 
Kg6 48.Ke3 Re4+ 49.Kd3 Kf6 50.Rc6+ Kg7 51.Rc7+ Kg6 52.Ra7 Re1 53.Ra6+ Kg7 
54.Ra5 Kg6 55.Re5 Ra1 56.Ra5 Rg1 57.Ra8 Kg7 58.Kd4 Rxg3 59.Ke5 Rg4 60.Kxf5
Rxh4 61.Kg5 Rh1 62.Ra7+ Kf8 63.Rh7 Ra1 64.Kxh5 Rxa3 65.f5 Rh3+ 1/2-1/2

[Event "LJEM M-V 2025 u14"]
[Site "Malchow"]
[Date "2025.02.02"]
[Round "3.2"]
[White "Vakeel, Eshwar"]
[Black "Gavrylyuk, Oleksandr"]
[Result "1-0"]
[WhiteElo "1659"]
[BlackElo "1634"]
[Time "14:30:00"]
[WhiteTeam "Think Rochade - SC HRO"]
[BlackTeam "TuS Makkabi Rostock"]

1.e4 c5 2.Nf3 d6 3.Bb5+ Bd7 4.Bxd7+ Qxd7 5.c4 Nc6 6.Nc3 e6 7.d4 cxd4 8.
Nxd4 a6 9.Be3 Nf6 10.f3 Be7 11.O-O Rd8 12.a3 O-O 13.Qd2 d5 14.cxd5 exd5 
15.Nxc6 Qxc6 16.e5 Ne8 17.f4 Nc7 18.Bd4 Ne6 19.b4 a5 20.f5 Nxd4 21.Qxd4 
axb4 22.axb4 Qc4 23.Rf4 Qxd4+ 24.Rxd4 Bg5 25.Kf2 Rd7 26.h4 Bd8 27.g3 Bb6 
28.Rd1 Bxd4+ 29.Rxd4 Kh8 30.Kf3 h6 31.g4 g5 32.hxg5 hxg5 33.Nxd5 Ra8 34.
Rd2 Ra3+ 35.Ke4 Rg3 36.Rh2+ Kg8 37.Nf6+ Kg7 38.Nh5+ Kf8 39.Nxg3 Ke7 40.f6+
Kd8 41.Nf5 Rd1 42.Nd6 Re1+ 43.Kf5 b6 44.Nxf7+ Kd7 45.Nxg5 Rf1+ 46.Kg6 Ke8 
47.e6 b5 48.Rh8# 1-0

[Event "LJEM M-V 2025 u14"]
[Site "Malchow"]
[Date "2025.02.02"]
[Round "3.3"]
[White "Wilke, Ronja"]
[Black "Subocz, Barbara"]
[Result "1-0"]
[WhiteElo "1571"]
[BlackElo "1581"]
[Time "14:30:00"]
[WhiteTeam "SAV Torgelow-Drögeheide 90"]
[BlackTeam "SAV Torgelow-Drögeheide 90"]

1.e4 c5 2.Nf3 d6 3.c3 Nf6 4.Be2 g6 5.O-O Nxe4 6.Qa4+ Bd7 7.Qxe4 Nc6 8.d4 
cxd4 9.cxd4 Bg7 10.Nc3 O-O 11.Bf4 Re8 12.Qd3 Qb6 13.Qb5 Qc7 14.Qb3 Nxd4 
15.Nxd4 Bxd4 16.Rac1 Bc6 17.Bc4 Rf8 18.Nd5 Qd7 19.Bh6 Bg7 20.Bxg7 Kxg7 21.
Rfe1 Rae8 22.Qc3+ f6 23.Re3 Qg4 24.Rce1 e6 25.Rg3 Qh5 26.Nc7 Re7 27.Nxe6+ 
Rxe6 28.Bxe6 Re8 29.Bg4 1-0

[Event "LJEM M-V 2025 u14"]
[Site "Malchow"]
[Date "2025.02.02"]
[Round "3.4"]
[White "Günther, Toni"]
[Black "Jakobi, Paul Leonhard"]
[Result "0-1"]
[WhiteElo "975"]
[BlackElo "1230"]
[Time "14:30:00"]
[WhiteTeam "SAV Torgelow-Drögeheide 90"]
[BlackTeam "SF Schwerin"]

1.e4 e5 2.Nf3 Nc6 3.Bc4 Bc5 4.c3 Nf6 5.d3 O-O 6.O-O d6 7.h3 Re8 8.Re1 Ne7 
9.Bg5 Ng6 10.Bxf6 Qxf6 11.Nbd2 Nf4 12.Kh2 Bxf2 13.Rf1 Bb6 14.Kh1 Qh6 15.
Nh2 Bxh3 16.gxh3 Qxh3 17.Qf3 Qh6 18.Qg4 Kf8 19.Qf5 f6 20.Nf3 Re7 21.d4 Ng6
22.Rad1 Rae8 23.dxe5 Nxe5 24.Nxe5 Rxe5 25.Qd7 R5e7 26.Qf5 Rxe4 27.Bd5 Rh4 
28.Qc2 c6 29.Bc4 d5 30.Bb3 Bc7 31.Rf2 Bg3 32.Rg2 Re1+ 33.Rxe1 Bxe1 34.c4 
dxc4 35.Bxc4 Qf4 36.Bd3 Bg3 37.Qc5+ Qd6 38.Qxd6+ Bxd6 39.Rd2 Be5 40.b3 h6 
41.Kg1 Rd4 42.Nf3 Rd7 43.Nxe5 fxe5 44.Rf2+ Ke7 45.Bc4 Kd6 46.Rd2+ Kc7 47.
Rxd7+ Kxd7 48.Kf2 Ke7 49.Ke3 Kf6 50.Ke4 h5 51.Be2 g6 52.a4 h4 53.b4 g5 54.
Bg4 b6 55.b5 c5 56.Kd5 Ke7 57.Kxe5 Kd8 58.Kd6 c4 59.Kc6 c3 60.Bf5 h3 61.
Kb7 h2 62.Be4 c2 63.Kxa7 c1=Q 64.Kxb6 Qc7+ 65.Ka6 Qd6+ 66.Bc6 h1=Q 67.Ka7 
Qg1+ 68.b6 Qxc6 69.a5 g4 70.a6 Qcxb6+ 71.Ka8 Qxa6+ 72.Kb8 Qgb6# 0-1

[Event "LJEM M-V 2025 u14"]
[Site "Malchow"]
[Date "2025.02.02"]
[Round "3.5"]
[White "Lange, Friedrich"]
[Black "Isaiev, Andrii"]
[Result "0-1"]
[WhiteElo "900"]
[BlackElo "1067"]
[Time "14:30:00"]
[WhiteTeam "TSG Neustrelitz"]
[BlackTeam "TuS Makkabi Rostock"]

1.e4 c5 2.Bc4 Nc6 3.Qf3 Nf6 4.d3 h6 5.Nc3 e6 6.Be3 Ne5 7.Qf4 Nxc4 8.dxc4 
d5 9.cxd5 exd5 10.Qe5+ Be6 11.exd5 Bd6 12.Qxe6+ fxe6 13.dxe6 Qb6 14.O-O-O 
Be5 15.Nge2 Ne4 16.Nxe4 Qxb2+ 17.Kd2 O-O-O+ 18.Ke1 Qb4+ 19.Bd2 Qxe4 20.e7 
Rd7 21.f3 Qxc2 22.Rc1 Qxd2+ 23.Kf2 Bd4+ 24.Kf1 Rxe7 25.Re1 Rhe8 26.g3 Rxe2
27.Rxe2 Qxe2# 0-1

[Event "LJEM M-V 2025 u14"]
[Site "Malchow"]
[Date "2025.02.02"]
[Round "3.6"]
[White "Duong, Hai Dang"]
[Black "Lipkowski, Calvin"]
[Result "0-1"]
[WhiteElo "1058"]
[BlackElo "927"]
[Time "14:30:00"]
[WhiteTeam "SG Eintracht Neubrandenburg"]
[BlackTeam "SAV Torgelow-Drögeheide 90"]

1.e4 e5 2.Nf3 Nc6 3.Bc4 Bc5 4.O-O d6 5.h3 Nf6 6.Nc3 Be6 7.Bxe6 fxe6 8.d3 
d5 9.Ng5 Qd6 10.Nb5 Qe7 11.Nxe6 Rc8 12.Nxc5 Qxc5 13.Nc3 dxe4 14.Nxe4 Nxe4 
15.dxe4 Rd8 16.Be3 Rxd1 17.Bxc5 Rxa1 18.Rxa1 b6 19.Be3 O-O 20.Rd1 Rf7 21.
a3 h6 22.b4 a6 23.c4 Kh7 24.b5 axb5 25.cxb5 Na5 26.Rd5 Nc4 27.Bc1 Rf6 28.
a4 c6 29.Rd7 cxb5 30.axb5 Rd6 31.Rxd6 Nxd6 32.Be3 Nxe4 33.Bxb6 Kg6 34.Bc7 
Kf5 35.b6 Nc5 36.Bd6 Nb7 37.Bf8 Kg6 38.f3 Kf7 39.Bd6 Nxd6 40.Kf2 g5 41.g3 
h5 42.f4 exf4 43.gxf4 gxf4 44.Kf3 Kg6 45.Kxf4 Kf6 46.h4 Kg6 47.Kg3 Kg7 48.
Kf4 Kf6 49.Kf3 Kf5 50.Kg3 Ke4 51.Kg2 Kf4 52.Kh3 Kf3 53.Kh2 Kg4 54.Kg2 Kxh4
55.Kf3 Kh3 56.Kf2 Kh2 57.Kf1 Kg3 58.Kg1 h4 59.Kh1 h3 60.Kg1 h2+ 0-1

[Event "LJEM M-V 2025 u14"]
[Site "Malchow"]
[Date "2025.02.02"]
[Round "3.7"]
[White "Hampe, Adrian"]
[Black "Lott, Konstantin"]
[Result "1-0"]
[WhiteElo "882"]
[BlackElo "1036"]
[Time "14:30:00"]
[WhiteTeam "Putlitzer SV 1921"]
[BlackTeam "Think Rochade - SC HRO"]

1.g3 e5 2.Bg2 Nf6 3.e4 Bc5 4.Nc3 d6 5.Nf3 Bg4 6.d3 Nc6 7.Be3 Bb6 8.O-O O-O
9.Bxb6 axb6 10.Qd2 Nd4 11.Nxd4 exd4 12.Nd5 c6 13.Nxf6+ Qxf6 14.Qf4 Qxf4 
15.gxf4 h5 16.f5 h4 17.h3 Bh5 18.Rfe1 Rae8 19.Bf1 Kh7 20.Be2 Bxe2 21.Rxe2 
Rg8 22.f3 g6 23.fxg6+ Rxg6+ 24.Rg2 Rgg8 25.Rxg8 Rxg8+ 26.Kf2 Rg3 27.Rh1 
Kh6 28.f4 Kg6 29.Rg1 Rxg1 30.Kxg1 f5 31.e5 dxe5 32.fxe5 Kf7 33.Kf2 Ke6 34.
c3 Kxe5 35.Kf3 c5 36.c4 Kf6 37.Kf4 Ke6 38.Kg5 Ke5 39.a4 f4 40.Kg4 f3 41.
Kxf3 Kf5 42.b3 Ke6 43.Kf4 Kf6 44.Kg4 Ke5 45.Kg5 Ke6 46.Kxh4 Kf5 47.Kg3 Kg5
48.h4+ Kf5 49.Kf3 Ke5 50.Kg4 Kf6 51.h5 b5 52.axb5 b6 53.Kf4 Ke6 54.Kg5 Kf7
55.h6 Kg8 56.Kg6 Kh8 57.Kf6 Kh7 58.Ke6 Kxh6 59.Kd6 Kg5 60.Kc6 Kf4 61.Kxb6 
Ke3 62.Kxc5 Kxd3 63.b6 Kc3 64.b7 d3 65.b8=Q 1-0

[Event "LJEM M-V 2025 u14"]
[Site "Malchow"]
[Date "2025.02.02"]
[Round "3.8"]
[White "Feist, Jonas"]
[Black "Blödorn, Ben"]
[Result "1-0"]
[WhiteElo "921"]
[BlackElo "849"]
[Time "14:30:00"]
[WhiteTeam "SAV Torgelow-Drögeheide 90"]
[BlackTeam "SV Empor Kühlungsborn"]

1.e4 c6 2.d4 d5 3.exd5 cxd5 4.Bd3 Nc6 5.Nf3 Bg4 6.Be3 a6 7.Nc3 e5 8.Be2 
Qb6 9.Rb1 Bxf3 10.Bxf3 exd4 11.Nxd5 Qa5+ 12.Bd2 Bb4 13.c3 dxc3 14.bxc3 Ba3
15.Rxb7 Ne5 16.Nc7+ Kd8 17.Nxa8 Nxf3+ 18.Qxf3 Qe5+ 19.Qe2 Qd5 20.Rb1 Qxg2 
21.Rf1 Qxa8 22.Rd1 Nf6 23.Bc1+ Kc7 24.Bxa3 Re8 25.Bd6+ Kb6 26.Be5 Qc6 27.
Rd6 Qxd6 28.Bxd6 Rxe2+ 29.Kxe2 Ne4 30.Be5 f6 31.Ke3 Ng5 32.Kf4 h6 33.Bd4+ 
Kb5 34.h4 Ne6+ 35.Kf5 Nc7 36.Rg1 Ne8 37.Ke6 1-0

[Event "LJEM M-V 2025 u14"]
[Site "Malchow"]
[Date "2025.02.02"]
[Round "3.10"]
[White "Vuong, Qui Long"]
[Black "Zielke, Finn"]
[Result "1-0"]
[WhiteElo "916"]
[BlackElo "769"]
[Time "14:30:00"]
[WhiteTeam "TSG Neustrelitz"]
[BlackTeam "SC Mecklenburger Springer"]

1.e4 e5 2.Nf3 Nc6 3.Bc4 Bc5 4.Nc3 Nf6 5.O-O d6 6.d3 Bg4 7.h3 Bxf3 8.Qxf3 
O-O 9.Qg3 g6 10.Bg5 Nd4 11.Rac1 Re8 12.Nd5 Qd7 13.Nxf6+ Kg7 14.Nxd7 Ne2+ 
15.Kh1 Nxg3+ 16.fxg3 Rad8 17.Rxf7+ Kh8 18.Bf6+ Kg8 19.Rf8# 1-0

[Event "LJEM M-V 2025 u14"]
[Site "Malchow"]
[Date "2025.02.03"]
[Round "4.1"]
[White "Wilke, Ronja"]
[Black "Vakeel, Eshwar"]
[Result "0-1"]
[WhiteElo "1571"]
[BlackElo "1659"]
[Time "08:30:00"]
[WhiteTeam "SAV Torgelow-Drögeheide 90"]
[BlackTeam "Think Rochade - SC HRO"]

1.e4 c6 2.Nf3 d5 3.exd5 cxd5 4.Ne5 a6 5.d4 Nc6 6.c3 Bf5 7.g4 Be4 8.f3 Bxb1
9.Rxb1 Nxe5 10.dxe5 e6 11.Bf4 Bc5 12.Qa4+ Kf8 13.Bd3 Ne7 14.b4 b5 15.Qc2 
Ba7 16.Qd2 Nc6 17.h4 Qc7 18.Qe2 Bb8 19.O-O Nxe5 20.Rbc1 Qb6+ 21.Be3 Qd8 
22.Bc5+ Kg8 23.g5 Nxd3 24.Qxd3 Bf4 25.Rc2 Bd6 26.Bd4 Rc8 27.Rg2 Bf4 28.Be3
Bxe3+ 29.Qxe3 Kf8 30.h5 Ke7 31.Qa7+ Qd7 32.Qd4 Rhg8 33.Qh4 Kd6 34.Qg3+ Kc6
35.f4 Kb7 36.Qf3 Rc6 37.Rc1 Rgc8 38.Rd2 Kb8 39.f5 Rc4 40.Qe2 Qd6 41.fxe6 
Qg3+ 42.Qg2 Qe3+ 43.Kh1 Rh4+ 0-1

[Event "LJEM M-V 2025 u14"]
[Site "Malchow"]
[Date "2025.02.03"]
[Round "4.2"]
[White "Gavrylyuk, Oleksandr"]
[Black "Schröder, Hannes Artur"]
[Result "1/2-1/2"]
[WhiteElo "1634"]
[BlackElo "1612"]
[Time "08:30:00"]
[WhiteTeam "TuS Makkabi Rostock"]
[BlackTeam "SG Eintracht Neubrandenburg"]

1.e4 e5 2.Nf3 Nc6 3.Bb5 a6 4.Ba4 Bc5 5.O-O d6 6.h3 Nf6 7.c3 O-O 8.d3 h6 9.
Re1 b5 10.Bc2 Re8 11.a4 Bb7 12.Nbd2 Qb8 13.Nf1 b4 14.d4 exd4 15.cxd4 Bb6 
16.b3 a5 17.Bb2 Qa7 18.Rc1 Rac8 19.Qd2 Rcd8 20.Rcd1 Ne7 21.Ng3 Ng6 22.Ba1 
Qa8 23.d5 Ne5 24.Nf5 Bc8 25.N3h4 Qa7 26.Bd4 Bxd4 27.Nxd4 Bd7 28.Ndf5 Bxf5 
29.Nxf5 Qb6 30.Re3 Ng6 31.Rde1 Kh8 32.h4 Ng4 33.Rg3 h5 34.Rxg4 hxg4 35.Qg5
g3 36.Qxg3 Re5 37.h5 Rxf5 38.exf5 Ne5 39.h6 Rg8 40.Qh3 g6 41.f6 Kh7 42.Qh4
Qc5 43.Qe4 Re8 44.Re3 Nf3+ 45.Qxf3 Rxe3 46.Bxg6+ Kxg6 47.fxe3 Kxh6 48.g4 
Qc2 49.e4 Qd2 50.Qf5 Qe1+ 51.Kg2 Qe2+ 52.Kg3 Qe3+ 1/2-1/2

[Event "LJEM M-V 2025 u14"]
[Site "Malchow"]
[Date "2025.02.03"]
[Round "4.3"]
[White "Briese, Sophie"]
[Black "Jakobi, Paul Leonhard"]
[Result "1/2-1/2"]
[WhiteElo "1516"]
[BlackElo "1230"]
[Time "08:30:00"]
[WhiteTeam "SAV Torgelow-Drögeheide 90"]
[BlackTeam "SF Schwerin"]

1.e4 e5 2.Nf3 Nc6 3.d4 exd4 4.Nxd4 d5 5.Nxc6 bxc6 6.exd5 Qxd5 7.Qxd5 cxd5 
8.Bf4 c6 9.Bd3 Nf6 10.O-O Bc5 11.Re1+ Be6 12.h3 O-O 13.Nc3 Rad8 14.Bg5 Bd4
15.Rad1 h6 16.Bh4 Rb8 17.Ba6 Bxc3 18.bxc3 Ne4 19.Be7 Rfe8 20.Bb4 c5 21.f3 
cxb4 22.fxe4 dxe4 23.Rxe4 Rb6 24.Bc4 bxc3 25.Bxe6 fxe6 26.Rc4 Rb2 27.Rxc3 
Rxa2 28.Rd7 Kh7 29.Rcc7 Rg8 30.Re7 Ra6 31.c4 Kg6 32.c5 Kf6 33.Red7 1/2-1/2

[Event "LJEM M-V 2025 u14"]
[Site "Malchow"]
[Date "2025.02.03"]
[Round "4.4"]
[White "Isaiev, Andrii"]
[Black "Lipkowski, Calvin"]
[Result "1-0"]
[WhiteElo "1067"]
[BlackElo "927"]
[Time "08:30:00"]
[WhiteTeam "TuS Makkabi Rostock"]
[BlackTeam "SAV Torgelow-Drögeheide 90"]

1.d4 d5 2.Nf3 Nf6 3.Bf4 Bf5 4.e3 e6 5.Bd3 Bxd3 6.Qxd3 c6 7.O-O Bd6 8.Ne5 
Nbd7 9.Nxf7 Kxf7 10.Bxd6 Rc8 11.Bg3 c5 12.c3 cxd4 13.exd4 Qb6 14.Qe2 g6 
15.Re1 Rhf8 16.Na3 Ke7 17.Qb5 Kd8 18.Qxb6+ axb6 19.Rxe6 Ne4 20.Bh4+ g5 21.
Bg3 Nxg3 22.hxg3 Kc7 23.Nb5+ Kb8 24.Rh6 Nf6 25.Re1 Rce8 26.Rxe8+ Rxe8 27.
Rxf6 Re1+ 28.Kh2 Rb1 29.Rf8# 1-0

[Event "LJEM M-V 2025 u14"]
[Site "Malchow"]
[Date "2025.02.03"]
[Round "4.5"]
[White "Hampe, Adrian"]
[Black "Duong, Hai Dang"]
[Result "0-1"]
[WhiteElo "882"]
[BlackElo "1058"]
[Time "08:30:00"]
[WhiteTeam "Putlitzer SV 1921"]
[BlackTeam "SG Eintracht Neubrandenburg"]

1.g3 e5 2.Bg2 Nf6 3.Nc3 Nc6 4.e4 d6 5.Nf3 Be7 6.d3 h6 7.Be3 O-O 8.Qd2 Ng4 
9.O-O Nxe3 10.Qxe3 Be6 11.d4 Qd7 12.d5 Nd4 13.dxe6 Nxe6 14.Bh3 c6 15.Qd3 
Rfd8 16.Rfd1 Re8 17.Nxe5 Qc7 18.Nf3 Rad8 19.b4 c5 20.Qc4 Qc6 21.Bxe6 fxe6 
22.Qxe6+ Kf8 23.e5 Qxf3 24.Qb3 dxe5 25.Rxd8 Rxd8 26.bxc5 Bxc5 27.Na4 Qxf2+
28.Kh1 Rd2 29.Qd5 0-1

[Event "LJEM M-V 2025 u14"]
[Site "Malchow"]
[Date "2025.02.03"]
[Round "4.6"]
[White "Subocz, Barbara"]
[Black "Blödorn, Ben"]
[Result "1-0"]
[WhiteElo "1581"]
[BlackElo "849"]
[Time "08:30:00"]
[WhiteTeam "SAV Torgelow-Drögeheide 90"]
[BlackTeam "SV Empor Kühlungsborn"]

1.e4 c6 2.d4 d5 3.exd5 cxd5 4.Bd3 Nc6 5.c3 Nf6 6.Bf4 g6 7.Nf3 Bg7 8.O-O 
O-O 9.Nbd2 Bg4 10.h3 Bd7 11.Re1 Qc8 12.Kh2 Nh5 13.Bg5 Qc7+ 14.Kg1 Nf4 15.
Nf1 e5 16.dxe5 Nxh3+ 17.gxh3 Bxh3 18.Bf4 Bg4 19.N1h2 Qd7 20.Bg3 Rfe8 21.e6
Rxe6 22.Nxg4 Rxe1+ 23.Nxe1 d4 24.Be4 Re8 25.Bxc6 bxc6 26.Nc2 d3 27.Nge3 
Bh6 28.Qd2 c5 29.b3 Bxe3 30.Nxe3 Rd8 31.Rd1 g5 32.Nc4 Re8 33.Ne5 Rxe5 34.
Bxe5 Qg4+ 35.Bg3 h5 36.Qxd3 h4 37.Qd8+ Kg7 38.Rd3 1-0